| 000 | 00770nam a2200229 i 4500 | ||
|---|---|---|---|
| 001 | 117097 | ||
| 003 | ES-MaACL | ||
| 005 | 20250823051520.0 | ||
| 007 | t| | ||
| 008 | 070228s1959 sp |||| | spa d | ||
| 100 | 1 |
_aPasternak, Boris Leonidovich. _989464 |
|
| 245 | 1 | 0 |
_aConfesiones / _cBoris L. Pasternak ; traductores, Víctor Scholz y Álvaro Cunqueiro. |
| 250 | _a1ª ed. | ||
| 260 |
_aBarcelona : _bAhr, _c1959. |
||
| 300 |
_a229 p. ; _c19 cm. |
||
| 500 | _aÍndice onomástico. | ||
| 700 | 1 |
_aScholz, Víctor. _9104643 |
|
| 700 | 1 |
_aCunqueiro, Álvaro, _d1911-1981 _942188 |
|
| 852 |
_aES-MaACL _jC-17138 |
||
| 852 |
_aES-MaACL _jL-32210 _z- Enc. cart. _z. - Donat. herederos de la bibl. de Mª del Pilar Costa Palacín |
||
| 999 |
_c117097 _d117097 |
||